| 000 | 00746nas a2200241 4500 | ||
|---|---|---|---|
| 001 | BR8402848 | ||
| 003 | BR-BrBNA | ||
| 005 | 20231205085925.0 | ||
| 007 | ta | ||
| 008 | 230509b bl.|||p| |||| 00| 00por d | ||
| 040 |
_aBR-BrBNA _bpor _cBiblioteca Nacional de Agricultura |
||
| 041 | _a(Pt) | ||
| 072 | _aL73 | ||
| 100 | 1 | _aGarcia, R.G.F. | |
| 100 | 1 | _aSchonhofen, C.A. | |
| 245 | 1 | _aOcorrencia de dermatomicose em bovinos por Trichophyton mentagrophytes em Cambe, Parana [Brasil] | |
| 650 | _aBOVINO | ||
| 650 | _aDERMATOMICOSE | ||
| 650 | _aPARANÁ | ||
| 773 | 0 |
_tArquivos de Biologia e Tecnologia (Brazil) _xISSN 0365-0979 _g(1984), v. 27(3) p. 339-340 _wBR8402848 |
|
| 909 |
_a202311 _bLúcia _c55 _dLúcia Elande |
||
| 942 |
_2AGRIS _n0 _cANA |
||
| 999 |
_c114815 _d114815 |
||